Advertising Communications & Promotion Management (Record no. 92)

MARC details
000 -LEADER
fixed length control field 00417nam a2200157Ia 4500
008 - FIXED-LENGTH DATA ELEMENTS--GENERAL INFORMATION
fixed length control field 230312s9999||||xx |||||||||||||| ||und||
020 ## - INTERNATIONAL STANDARD BOOK NUMBER
International Standard Book Number 0-07-115514-7
082 ## - DEWEY DECIMAL CLASSIFICATION NUMBER
Classification number 659.1
Item number ROS-A
100 ## - MAIN ENTRY--PERSONAL NAME
Personal name Rossiter, John R.
245 #0 - TITLE STATEMENT
Title Advertising Communications & Promotion Management
260 ## - PUBLICATION, DISTRIBUTION, ETC.
Name of publisher, distributor, etc. Irwin - McGraw Hill
Place of publication, distribution, etc. London
Date of publication, distribution, etc. 1996
300 ## - PHYSICAL DESCRIPTION
Extent 640
546 ## - LANGUAGE NOTE
Language note Eng.
650 ## - SUBJECT ADDED ENTRY--TOPICAL TERM
Topical term or geographic name entry element Management
Form subdivision Promotion defines
942 ## - ADDED ENTRY ELEMENTS (KOHA)
Koha item type BOOK
Holdings
Withdrawn status Lost status Source of classification or shelving scheme Damaged status Not for loan Home library Current library Date acquired Total Checkouts Full call number Barcode Date last seen Date last checked out Price effective from Koha item type
    Dewey Decimal Classification     Superior Information Resource Center (SIRC) Superior University - City Campus Superior Information Resource Center (SIRC) Superior University- Main Campus 03/13/2023 1 659.1 ROS-A 92 01/30/2024 01/30/2024 03/13/2023 BOOK

Powered by Koha